[Event "Catalunya-chT GpA final"]
[Site "Barcelona"]
[Date "2017.03.11"]
[Round "1.10"]
[White "Ramirez Carrizo, Victor Jose"]
[Black "Camacho Liesa, Joan"]
[Result "1-0"]
[WhiteElo "2132"]
[BlackElo "2047"]
[PlyCount "73"]
[EventDate "2017.03.11"]
[EventType "team-tourn"]
[EventRounds "11"]
[EventCountry "ESP"]
[SourceTitle "CBM 177 Extra"]
[Source "ChessBase"]
[SourceDate "2017.04.27"]
[SourceVersion "1"]
[SourceVersionDate "2017.04.27"]
[SourceQuality "1"]
[WhiteTeam "Barbera"]
[BlackTeam "Sant Andreu"]
[WhiteTeamCountry "ESP"]
[BlackTeamCountry "ESP"]

1. e4 e5 2. f4 d5 3. exd5 e4 4. d3 Nf6 5. dxe4 Bc5 6. Nc3 0-0 7. Bd3 Ng4 8. Nf3 Nf2 9. Qe2 Nxh1 10. Be3 Bb4 11. 0-0-0 Qe7 12. Bd4 c6 13. e5 g6 14. Ne4 Nd7 15. d6 Qd8 16. Rxh1 b5 17. Qe3 c5 18. Nxc5 Nxc5 19. Bxc5 Bxc5 20. Qxc5 Qb6 21. Qxb6 axb6 22. Bxb5 Rxa2 23. Kb1 Be6 24. b3 Rfa8 25. Ba4 R2xa4 26. bxa4 Rxa4 27. Rd1 Bd7 28. Rd4 Ra7 29. Ng5 h6 30. Ne4 f5 31. Nf6+ Kf7 32. Nxd7 Rxd7 33. Kb2 Ke6 34. Kb3 g5 35. g3 h5 36. Kb4 Rb7 37. d7 1-0

[Event "Catalunya-chT"]
[Site "Catalunya"]
[Date "2014.04.05"]
[Round "11.2"]
[White "Garcia Jimenez, Francisco Javier"]
[Black "Camacho Liesa, Joan"]
[Result "1-0"]
[WhiteElo "2268"]
[BlackElo "2031"]
[PlyCount "99"]
[EventDate "2014.01.25"]
[EventType "team"]
[EventRounds "11"]
[EventCountry "ESP"]
[SourceTitle "EXT 2015"]
[Source "ChessBase"]
[SourceDate "2014.11.20"]
[SourceVersion "1"]
[SourceVersionDate "2014.11.20"]
[SourceQuality "1"]
[WhiteTeam "Barbera"]
[BlackTeam "Sant Andreu"]
[WhiteTeamCountry "ESP"]
[BlackTeamCountry "ESP"]

1. e4 e5 2. Bc4 Nf6 3. d4 exd4 4. e5 d5 5. Bb5+ c6 6. exf6 cxb5 7. Qe2+ Be6 8. Nf3 Bb4+ 9. c3 dxc3 10. Qxb5+ Nc6 11. bxc3 Qxf6 12. Bg5 Bxc3+ 13. Kf1 Bxa1 14. Bxf6 Bxf6 15. h3 0-0 16. Kg1 Rab8 17. Kh2 a6 18. Qa4 d4 19. Nbd2 Bd5 20. Re1 Rfe8 21. Qc2 Rxe1 22. Nxe1 Re8 23. Nd3 Be7 24. Kg1 Bd6 25. Qb2 b5 26. Nf3 Bc4 27. Qd2 h6 28. g4 Bd5 29. Nh4 Ne5 30. Nxe5 Bxe5 31. Nf5 Bc4 32. g5 hxg5 33. Qxg5 Bf6 34. Qg4 Be6 35. Qe4 Bd7 36. Qd3 Re1+ 37. Kg2 Bc6+ 38. f3 Re5 39. Nxd4 Rd5 40. Qc2 Rg5+ 41. Kf1 Bxd4 42. Qxc6 Rg6 43. Qe8+ Kh7 44. Qxf7 b4 45. Qf5 Bf6 46. Kf2 Kh6 47. Qf4+ Rg5 48. h4 a5 49. hxg5+ Bxg5 50. Qd4 1-0

[Event "Barcelona Ateneu Colon op 7th"]
[Site "Barcelona"]
[Date "2012.05.22"]
[Round "6"]
[White "Angli Marti, Jordi"]
[Black "Camacho Liesa, Joan"]
[Result "1-0"]
[WhiteElo "2088"]
[BlackElo "2002"]
[PlyCount "75"]
[EventDate "2012.04.10"]
[EventType "swiss"]
[EventRounds "9"]
[EventCountry "ESP"]
[SourceTitle "CBM 148 Extra"]
[Source "ChessBase"]
[SourceDate "2012.06.22"]
[SourceVersion "1"]
[SourceVersionDate "2012.06.22"]
[SourceQuality "1"]

1. d4 d5 2. c4 c6 3. Nf3 Nf6 4. Nc3 Bf5 5. cxd5 cxd5 6. Qb3 b6 7. Bg5 e6 8. e4 dxe4 9. Bb5+ Ke7 10. Ne5 Qxd4 11. Rd1 Qxe5 12. Bf4 Qc5 13. Na4 Qd5 14. Rxd5 Nxd5 15. Qg3 a6 16. Bd6+ Kf6 17. Be5+ Ke7 18. Bc4 Nd7 19. Bxd5 exd5 20. 0-0 Ke6 21. Bd4 Bd6 22. Qxg7 Rhg8 23. Qh6+ Rg6 24. Qe3 Rag8 25. g3 b5 26. Nc5+ Bxc5 27. Bxc5 Ne5 28. Kg2 Bg4 29. Bd4 Bf3+ 30. Kg1 Ng4 31. Qc3 Rd8 32. Rc1 f5 33. Qc7 Rd7 34. Rc6+ Ke7 35. Bc5+ Ke8 36. Qc8+ Rd8 37. Re6+ Kf7 38. Re7+ 1-0